Biscuit and the baby / (Record no. 4264)

MARC details
000 -LEADER
fixed length control field 01087cam a2200349 a 4500
001 - CONTROL NUMBER
control field 4264
003 - CONTROL NUMBER IDENTIFIER
control field FISKH
005 - DATE AND TIME OF LATEST TRANSACTION
control field 20240711081853.0
008 - FIXED-LENGTH DATA ELEMENTS--GENERAL INFORMATION
fixed length control field 031117s2005 nyua a 000 1 eng
010 ## - LIBRARY OF CONGRESS CONTROL NUMBER
LC control number 2003025271
020 ## - INTERNATIONAL STANDARD BOOK NUMBER
International Standard Book Number 0060094591
020 ## - INTERNATIONAL STANDARD BOOK NUMBER
International Standard Book Number 79780060094614
020 ## - INTERNATIONAL STANDARD BOOK NUMBER
International Standard Book Number 0060094605 (lib. bdg.)
040 ## - CATALOGING SOURCE
Original cataloging agency DLC
Transcribing agency DLC
Modifying agency DLC
Language of cataloging eng
050 ## - LIBRARY OF CONGRESS CALL NUMBER
Classification number PZ7.C179
082 ## - DEWEY DECIMAL CLASSIFICATION NUMBER
Classification number 428.6
100 1# - MAIN ENTRY--PERSONAL NAME
Personal name Capucilli, Alyssa Satin,
Dates associated with a name 1957-
245 10 - TITLE STATEMENT
Title Biscuit and the baby /
Statement of responsibility, etc. story by Alyssa Satin Capucilli ; pictures by Pat Schories.
260 ## - PUBLICATION, DISTRIBUTION, ETC.
Place of publication, distribution, etc. New York :
Name of publisher, distributor, etc. HarperCollins,
Date of publication, distribution, etc. 2005.
300 ## - PHYSICAL DESCRIPTION
Extent 25 pages :
Other physical details color illustrations ;
Dimensions 23 cm
490 1# - SERIES STATEMENT
Series statement My first I can read book
505 ## - FORMATTED CONTENTS NOTE
Formatted contents note D<br/>
520 ## - SUMMARY, ETC.
Summary, etc. Biscuit, a young puppy, is eager to meet the new baby but must wait until nap time is over.
521 ## - TARGET AUDIENCE NOTE
Target audience note 170<br/>
Source Lexile <br/>
521 ## - TARGET AUDIENCE NOTE
Target audience note D<br/>
Source Raz-Plus<br/>
650 #1 - SUBJECT ADDED ENTRY--TOPICAL TERM
Topical term or geographic name entry element Dogs
Form subdivision Fiction.
650 #1 - SUBJECT ADDED ENTRY--TOPICAL TERM
Topical term or geographic name entry element Babies
Form subdivision Fiction.
700 1# - ADDED ENTRY--PERSONAL NAME
Personal name Schories, Pat,
Relator term illustrator
906 ## - LOCAL DATA ELEMENT F, LDF (RLIN)
a 7
b cbc
c orignew
d 1
e ecip
f 20
g y-gencatlg
942 ## - ADDED ENTRY ELEMENTS (KOHA)
Source of classification or shelving scheme Dewey Decimal Classification
Koha item type Books
Suppress in OPAC No
Holdings
Withdrawn status Lost status Source of classification or shelving scheme Damaged status Not for loan Collection Home library Current library Shelving location Date acquired Total Checkouts Full call number Barcode Date last seen Date last checked out Copy number Price effective from Koha item type
    Dewey Decimal Classification     Juvenile Fiction Footprints International School Library Network Toul Kork Campus Footprints International School Library Network Toul Kork Campus TK Primary Library Room(4th Floor), Bookcase 7, Shelves 57-60, Dark Green Books 07/11/2024 2 CAP 428.6 PZ7.C179 FISTK01053 03/25/2026 12/10/2025 1 07/11/2024 Books
    Dewey Decimal Classification     Juvenile Fiction Footprints International School Library Network Toul Kork Campus Footprints International School Library Network Toul Kork Campus TK Primary Library Room(4th Floor), Bookcase 7, Shelves 57-60, Dark Green Books 07/11/2024 1 CAP 428.6 PZ7.C179 FISO5329 06/04/2025 04/02/2025 2 12/19/2024 Books